| 000 | 01560nam a2200289Ia 4500 | ||
|---|---|---|---|
| 999 |
_c50268 _d50268 |
||
| 001 | 17207 | ||
| 003 | GE_BSU | ||
| 005 | 20200204123747.0 | ||
| 008 | 181216s2013 xx |||||||||||||| ||geo|| | ||
| 020 | _a9789941132933 | ||
| 040 | _cGE_BSU | ||
| 041 | _ageo | ||
| 080 | _a574(075.8) უ-62 | ||
| 100 |
_aურუშაძე, თენგიზ. _96751 |
||
| 245 |
_aგამოყენებითი ეკოლოგიის საფუძვლები : _bსახელმძღვ.უმაღლესი სასწავლებლებისათვის / _cთენგიზ ურუშაძე ; ლია მაჭავარიანი ; რედ : არნოლდ გეგეჭკორი ; ნოდარ ელიზბარაშვილი. |
||
| 264 |
_a[თბ.] _bთბილ. უნ-ტის გამ-ბა, _c2013. |
||
| 300 |
_a262 გვ ; _c24 სმ. |
||
| 300 | _bბიბლიოგრ.: გვ. 258-260 | ||
| 500 | _aტერმინთა ლექსიკონი: 247-257 | ||
| 504 | _aბიბლიოგრ.: გვ. 258-260 | ||
| 653 | _aეკოლგია | ||
| 653 | _aეკოლოგიური სამართალი; ბუნების დაცვა | ||
| 700 |
_aმაჭავარიანი, ლია _96752 |
||
| 700 |
_aგეგეჭკორი, არნოლდ _eრედაქტორი _96753 |
||
| 700 |
_aელიზბარაშვილი, ნოდარ _eრედაქტორი _96754 |
||
| 942 |
_cBK _2udc |
||